Films français - Mort subite - Statistiques

Statistiques générales
  • Ce quiz a été pris 1 450 fois
  • Le résultat moyen est 9 sur 23
Answers on the Grid
Answers color-coded by a green-red scale on the quiz's grid according to % correct below.
Emilia Pérez
La Guerre des boutons
Hibernatus
Intouchables
Léon
Un Indien dans la ville
Taxi
L'Armée des ombres
La cité de la peur
Le Cercle des poètes disparus
Buffet froid
Le père Noël est une ordure
Le Grand Bleu
C'est arrivé près de chez vous
Le Gamin au vélo
Hiroshima, Mon Amour
Interstellar
The Artist
Orange mécanique
Il était une fois dans l'Ouest
La Nuit au musée
Le Pianiste
Les Quatre Cents Coups
Le Salaire de la peur
Lawrence d'Arabie
Le Discours d'un roi
Arnaques, crimes & botanique
2001 : L'Odyssée de l'espace
Le Samouraï
Bons baisers de Bruges
Polisse
Les Virtuoses
Les Visiteurs
La Traversée de Paris
Vol au-dessus d'un nid de coucou
Holy Motors
Les Temps modernes
Le Nom de la rose
Il faut sauver le soldat Ryan
La Vie est belle
 
Statistiques - réponses
Réponse % Correct
Intouchables
71%
Taxi
71%
Les Visiteurs
68%
La Guerre des boutons
64%
La cité de la peur
61%
Le père Noël est une ordure
59%
Léon
58%
Le Grand Bleu
54%
Polisse
48%
Un Indien dans la ville
48%
The Artist
42%
Hibernatus
39%
La Traversée de Paris
36%
Emilia Pérez
29%
Les Quatre Cents Coups
28%
Le Pianiste
24%
Buffet froid
21%
Le Salaire de la peur
19%
Le Samouraï
18%
L'Armée des ombres
15%
Le Nom de la rose
14%
Hiroshima, Mon Amour
13%
Holy Motors
6%
Aucun quiz correspondant
Distribution des résultats
% des personnes avec chaque résultat
Percentile par nombre de réponses
Votre historique - résultats
Vous n’avez pas pris ce quiz